000 00743nam a2200217Ii 4500
003 JO-AjNU
008 230605s9999||||xx |||||||||||||| ||und||
017 _a2009/5/1872
020 _a978-9957-33-184-9
040 _aJO-AjNU
_bara
_erda
_cJO-AjNU
041 _aara
050 1 4 _aT385.Q277 2010
100 3 _aقطاش، توقيق ابراهيم,
_eauthor
_927635
245 0 0 _aاوتوكاد 2007Autocad النسخة الانجليزية 2d
264 3 1 _aعمان:دار الوراق للنشر والتوزيع ،2010
300 _a292ص
336 _atext
_btxt
_2rdacontent
337 _aunmediated
_bn
_2rdamedia
338 _avolume
_bnc
_2rdacarrier
650 4 _aالتصميم الهندسي -- معالجة بيانات
_927636
999 _aA10624
_c14192
_d14192